Quiz sur Demon Slayer - Statistiques

Statistiques générales
  • Ce quiz a été pris 249 fois
  • Le résultat moyen est 14 sur 30
Statistiques - réponses
Questions Réponses % Correct
Comment s'appelle la sœur du personnage principal ? Nezuko Kamado
99%
Comment se nomme le personnage blond qui accompagne Tanjiro ? Zenitsu Agatsuma
96%
Qui porte une tête de cochon sur la tête ? Inosuke Hashibira
95%
Quel pilier a épousé 3 femmes ? Tengen Uzui
93%
Quel souffle a appris Tanjiro au début de l'œuvre ? Souffle de l'eau
90%
Qui peut utiliser le souffle de la foudre dans Demon Slayer ? Zenitsu Agatsuma, Kaigaku, Jigoro Kuwajima
85%
Quelle est la faiblesse de tous les démons (hors exception) ? Le soleil
72%
Qui est le pilier le plus jeune ? Muichiro Tokito
69%
Quel démon a tué Kyojuro Rengoku, le pilier de la flamme ? Akaza
65%
Quel est le nom complet de Muzan ? Muzan Kibutsuji
54%
Quel personnage peut devenir un semi-démon en mangeant des démons ? Genya Shinazugawa
51%
Quels piliers débloquent leurs marques durant l'arc du village des forgerons ? Muichiro Tokito, Mitsuri Kanroji
45%
Comment s'appelle le pilier du vent ? Sanemi Shinazugawa
45%
Comment s'appelle la sœur adoptive des sœurs Kocho ? Kanao Tsuyuri
44%
Quel personnage de Demon Slayer est aveugle ? Gyomei Himejima
43%
Quel est le sens dévéloppé de Tanjiro ? Son odorat
43%
A quel rang appartiennent les démons les plus puissants de Muzan ? Les Lunes Démoniaques
42%
Quel personnage est l'utilisateur originel du souffle du soleil (créateur de ce souffle) ? Yoriichi Tsugikuni
40%
Quel pilier porte des bandages sur sa bouche ? Iguro Obanai
36%
Comment s'appelle le démon qui contrôle la Forteresse Infinie ? Nakime
33%
Qui affronte Doma dans la Forteresse Infini ? Shinobu Kocho, Kanao Tsuyuri, Inosuke Hashibira
33%
Qui est le forgeron des katanas de Tanjiro ? Hotaru Haganezuka
32%
Que transporte Tanjiro sur son dos pendant la majorité de ses missions ? Une boite
32%
Qui est le 5ème de ces rangs ? Gyokko
29%
Comment s'appelle le chef des pourfendeurs ? Kagaya Ubuyashiki
21%
Qui accompagne Tamayo dans ses recherches ? Yushiro
19%
Quel plante Muzan recherche-t-il ? Le Lycoris Bleu
17%
Qui est le créateur de Demon Slayer ? Koyoharu Gotouge
10%
Quel était le nom humain de la Première Lune Supérieure ? Michikatsu Tsugikuni
7%
Que se passe t-il lorsqu'on éveille la marque des pourfendeurs ? On meurt à 25 ans
5%
Aucun quiz correspondant
Distribution des résultats
% des personnes avec chaque résultat
Percentile par nombre de réponses
Votre historique - résultats
Vous n’avez pas pris ce quiz